IUP Journal of Entrepreneurship Development

Bibliographic Details
Format: Unknown
Language:English
Published: [India] : IUP Publications
Subjects:
Online Access:Acceso restringido

MARC

LEADER 00000ny a22000003n 4500
005 20110516122732.0
008 101004s19uu9999ii qr p 0 0 |eng d
022 |a 0973-2659 
035 |a 5175 
040 |a BUS  |d vLex 
090 |c 1945  |d 1945 
245 3 0 |a IUP Journal of Entrepreneurship Development  |h [Recurso electrn̤ico] 
256 |a Servicio en ln̕ea 
260 |a [India] :  |b IUP Publications 
310 |a Cuatrimestral 
506 1 |a Contenido solo disponible en los productos indicados  |d vLex Global  |d vLex Global (Academic Edition, excluding Law Schools)  |d vLex Global (U.S. Academic Edition, excluding Law Schools) 
650 0 4 |a Economa̕ 
650 0 4 |a Negocios 
740 0 |a vLex Revista (Servicios en ln̕ea) 
843 |a Electrn̤ica. Abierta 
853 |8 1  |i (year)  |j (month)  |k (day) 
856 4 0 |z Acceso restringido  |u http://vlex.com/account/login_ip?fuente_id=5175 
942 |c REV 
999 4 |a Revistas electrn̤icas.